000 00506nam a22001697a 4500
005 20251108164713.0
008 250721s1982 xx 000 0 ara d
082 1 4 _a812.9563/عبد
100 1 _aعبد الواحد، عبد الرزاق
245 1 0 _aالحر الرياحي :
_bمسرحية شعرية في ثلاثة فصول /
264 1 _aبغداد :
_c1982.
300 _a168ص
650 1 7 _aالمسرحيات العربية
650 1 7 _aالعراق
942 _2ddc
_cBK
999 _c12287
_d12287